000 00392nam a2200169Ia 4500
005 20250603144426.0
008 250603s9999 xx 000 0 und d
020 _a605-4081-70-7
050 _aPZ 7 .D69 S33/
100 _aDoyle, Arthur Conan
245 2 _aA scandal in Bohemia
260 _aIstanbul
260 _bTEG Publishing
300 _a48 p
650 _aIstanbul
942 _cBK
999 _c38883
_d38883